LEADER 00897nam a2200205 i 4500 001 000000229495 003 CaOOAMICUS 005 20140512000000.0 008 140512s1977 it u000 u ger u 013 $a208397 040 $aSeMil$bita 100 1 $aBarth, Markus,$d<1915-1994>.$0(OLS)http://semarc/name/90892 245 10$aPaulus, apostat oder apostel? :$bjüdische und christliche Antworten /$cMarkus Barth ... [et al.]. 260 $aRegensburg :$bFriedrich Pustet,$ccopyr. 1977. 300 $a172 p. ;$c19 cm. 600 04$aPaolo .$0(OLS)http://semarc/subject/1316 850 $aSeMil 852 $aSeMil$W1$xVenegono$y1$m2Z I 168$j179841$B179841$CSeMilBibl$Z2$F190944 $81 996 $6245$aPaulus, apostat oder apostel? :$bjüdische und christliche Antworten$9(OLS)http://semarc/title/328242 996 $6260$aRegensburg :$bFriedrich Pustet$9(OLS)http://semarc/publisher/29640 LEADER 01038nam a2200229 i 4500 001 000000071387 003 CaOOAMICUS 005 20081120000000.0 008 081120s1958 fr u000 u fre u 013 $a42559 040 $aSeMil$bita 100 1 $aLebret, Louis Joseph .$0(OLS)http://semarc/name/90360 245 10$aSuicide ou survie de l'occident? :$bdossier pour comprendre les problèmes de ce temps /$cL.-J. Lebret. 260 $aParis :$bLes éditions ouvrières,$cc1958. 300 $a402 p. ;$c23 cm. 490 0 $aÉconomie humaine 650 4$aPolitica economica internazionale.$0(OLS)http://semarc/subject/14286 830 0$aÉconomie humaine.$0(OLS)http://semarc/title/26698 850 $aSeMil 852 $aSeMil$W1$xVenegono$y1$m2P IV 79$j37540$B37540$CSeMilBibl$Z2$F37543 $81 996 $6245$aSuicide ou survie de l'occident? :$bdossier pour comprendre les problèmes de ce temps$9(OLS)http://semarc/title/114794 996 $6260$aParis :$bLes éditions ouvrières$9(OLS)http://semarc/publisher/30144